Dấu ấn thiên chúa giáo trong thơ Hàn Mặc Tử

Sơ lược ảnh hưởng của tôn giáo trong đời sống xã hội, trong văn hóa, văn học Việt Nam và hành trình thơ, quan niệm thơ của Hàn Mặc Tử. Dấu ấn thiên chúa giáo trong thơ Hàn Mặc Tử - Nhìn từ cảm thức về cuộc đời, con người, sự giải thoát. Dấu ấn Thiên Chúa giáo trong thơ Hàn Mặc Tử - Nhìn từ ngôn từ,...

Deskribapen osoa

Gorde:
Xehetasun bibliografikoak
Egile nagusia: Nguyễn Thị Huyền
Beste egile batzuk: Hồ Thế Hà PGS.TS (Hướng dẫn)
Formatua: Liburua
Hizkuntza:Vietnamese
Argitaratua: Đà Nẵng Đại học Đà Nẵng 2008
Gaiak:
Etiketak: Etiketa erantsi
Etiketarik gabe, Izan zaitez lehena erregistro honi etiketa jartzen!
Thư viện lưu trữ: Mạng thư viện Đại học Đà Nẵng
LEADER 01886nam a2200349 4500
001 000010661
003 6869
005 20111216101230.0
008 111216s2008 viesd
041 |a vie 
072 |a Luận văn Thạc sĩ Khoa học Xã hội và nhân văn 
082 |a 895.9221  |b NG-H 
100 |a Nguyễn Thị Huyền 
245 |a Dấu ấn thiên chúa giáo trong thơ Hàn Mặc Tử  |c Nguyễn Thị Huyền 
260 |a Đà Nẵng  |b Đại học Đà Nẵng  |c 2008 
300 |a 112tr  |c 29cm 
500 |a Luận văn Thạc sĩ Khoa học Xã hội và nhân văn. Chuyên ngành: Văn học Việt Nam. Mã số: 60.22.34 
520 |a Sơ lược ảnh hưởng của tôn giáo trong đời sống xã hội, trong văn hóa, văn học Việt Nam và hành trình thơ, quan niệm thơ của Hàn Mặc Tử. Dấu ấn thiên chúa giáo trong thơ Hàn Mặc Tử - Nhìn từ cảm thức về cuộc đời, con người, sự giải thoát. Dấu ấn Thiên Chúa giáo trong thơ Hàn Mặc Tử - Nhìn từ ngôn từ, thời gian nghệ thuật và không gian nghệ thuật. Dấu ấn Thiên Chúa giáo trong thơ Hàn Mặc Tử - Nhìn từ các biểu tượng , biểu trưng 
653 |a Hàn Mặc Tử 
653 |a Văn học 
653 |a Luận văn Thạc sĩ Văn học Việt Nam 
700 |a Hồ Thế Hà  |c PGS.TS  |e Hướng dẫn 
OWN |a LSP 
AVA |a UDN50  |b LSP  |d 895.9221 NG-H  |e available  |t Error 5001 Not defined in file expand_doc_bib_avail.  |f 1  |g 0  |h N  |i 0  |k 1 
999 |a From the UDN01 
AVA |a UDN50  |b LSP  |d 895.9221 NG-H  |e available  |t Error 5001 Not defined in file expand_doc_bib_avail.  |f 1  |g 0  |h N  |i 0  |k 1 
TYP |a Monograph 
TYP |a Printed language 
980 |a Mạng thư viện Đại học Đà Nẵng